书目信息 |
| 题名: |
用音乐浸润生命
|
|
| 作者: | 李旭东 著 | |
| 分册: | ||
| 出版信息: | 赤峰 内蒙古科学技术出版社 2017 |
|
| 页数: | 187页 | |
| 开本: | 21cm | |
| 丛书名: | ||
| 单 册: | ||
| 中图分类: | J6-42 , J6 | |
| 科图分类: | ||
| 主题词: | 音乐教育--教学法 | |
| 电子资源: | ||
| ISBN: | 978-7-5380-2846-1 | |
| 000 | 01001nam0 2200265 450 | |
| 001 | 2361068281 | |
| 005 | 20231206165811.24 | |
| 010 | @a978-7-5380-2846-1@dCNY48.00 | |
| 100 | @a20201113d2017 em y0chiy50 ea | |
| 101 | 0 | @achi |
| 102 | @aCN@b150000 | |
| 105 | @aa a 000yy | |
| 200 | 1 | @a用音乐浸润生命@Ayong yin le jin run sheng ming@e音乐唱歌课的“八步教学法”@f李旭东著 |
| 210 | @a赤峰@c内蒙古科学技术出版社@d2017 | |
| 215 | @a187页@c彩图@d21cm | |
| 314 | @a李旭东, 男, 中学高级教师, 内蒙古自治区音乐学科优秀教学能手。 | |
| 320 | @a有书目 (第186页) | |
| 330 | @a本书系统地介绍了音乐唱歌课的“八步教学法”的理念价值和意义, 以及在音乐课中的实际操作, 并引用了大量的教学案例, 以通俗易懂、理论联系实际的方式同读者共同切磋和探讨。 | |
| 517 | 1 | @a音乐唱歌课的“八步教学法”@Ayin le chang ge ke de “ba bu jiao xue fa ” |
| 606 | 0 | @a音乐教育@x教学法 |
| 690 | @aJ6-42@v5 | |
| 690 | @aJ6@v4 | |
| 701 | 0 | @a李旭东@Ali xu dong@4著 |
| 801 | 0 | @aCN@b湖北三新@c20201113 |
| 905 | @aBZT@dJ6@e18 | |
| 用音乐浸润生命:音乐唱歌课的“八步教学法”/李旭东著.-赤峰:内蒙古科学技术出版社,2017 |
| 187页:彩图;21cm |
| ISBN 978-7-5380-2846-1:CNY48.00 |
| 本书系统地介绍了音乐唱歌课的“八步教学法”的理念价值和意义, 以及在音乐课中的实际操作, 并引用了大量的教学案例, 以通俗易懂、理论联系实际的方式同读者共同切磋和探讨。 |
| ● |
| 相关链接 |
|
|
|
正题名:用音乐浸润生命
索取号:J6/18
 
预约/预借
| 序号 | 登录号 | 条形码 | 馆藏地/架位号 | 状态 | 备注 |
| 1 | 2001401139 | 2001401139 | 三新/湖北三新(第三批)/1583/ [索取号:J6/18] | 在馆 | |
| 2 | 2001401140 | 2001401140 | 三新/湖北三新(第三批)/1583/ [索取号:J6/18] | 在馆 | |
| 3 | 2001401141 | 2001401141 | 三新/湖北三新(第三批)/1583/ [索取号:J6/18] | 在馆 | |
| 4 | 2001401142 | 2001401142 | 三新/湖北三新(第三批)/1583/ [索取号:J6/18] | 在馆 | |
| 5 | 2001401143 | 2001401143 | 三新/湖北三新(第三批)/1583/ [索取号:J6/18] | 在馆 | |
| 6 | 2001401144 | 2001401144 | 三新/湖北三新(第三批)/1583/ [索取号:J6/18] | 在馆 | |
| 7 | 2001401145 | 2001401145 | 三新/湖北三新(第三批)/1583/ [索取号:J6/18] | 在馆 | |
| 8 | 2001401146 | 2001401146 | 三新/湖北三新(第三批)/1583/ [索取号:J6/18] | 在馆 | |
| 9 | 2001401147 | 2001401147 | 三新/湖北三新(第三批)/1583/ [索取号:J6/18] | 在馆 | |
| 10 | 2001401148 | 2001401148 | 三新/湖北三新(第三批)/1583/ [索取号:J6/18] | 在馆 | |
| 11 | 2001401149 | 2001401149 | 三新/湖北三新(第三批)/1583/ [索取号:J6/18] | 在馆 | |
| 12 | 2001401150 | 2001401150 | 三新/湖北三新(第三批)/1583/ [索取号:J6/18] | 在馆 | |
| 13 | 2001401151 | 2001401151 | 三新/湖北三新(第三批)/1583/ [索取号:J6/18] | 在馆 | |
| 14 | 2001401152 | 2001401152 | 三新/湖北三新(第三批)/1583/ [索取号:J6/18] | 在馆 | |
| 15 | 2001401153 | 2001401153 | 三新/湖北三新(第三批)/1583/ [索取号:J6/18] | 在馆 | |
| 16 | 2001401154 | 2001401154 | 三新/湖北三新(第三批)/1583/ [索取号:J6/18] | 在馆 | |
| 17 | 2001401155 | 2001401155 | 三新/湖北三新(第三批)/1583/ [索取号:J6/18] | 在馆 | |
| 18 | 2001401156 | 2001401156 | 三新/湖北三新(第三批)/1583/ [索取号:J6/18] | 在馆 | |
| 19 | 2001401157 | 2001401157 | 三新/湖北三新(第三批)/1583/ [索取号:J6/18] | 在馆 | |
| 20 | 2001401158 | 2001401158 | 三新/湖北三新(第三批)/1583/ [索取号:J6/18] | 在馆 | |
| 21 | 2001401159 | 2001401159 | 三新/湖北三新(第三批)/1583/ [索取号:J6/18] | 在馆 | |
| 22 | 2001401160 | 2001401160 | 三新/湖北三新(第三批)/1583/ [索取号:J6/18] | 在馆 | |
| 23 | 2001401161 | 2001401161 | 三新/湖北三新(第三批)/1583/ [索取号:J6/18] | 在馆 | |
| 24 | 2001401162 | 2001401162 | 三新/湖北三新(第三批)/1583/ [索取号:J6/18] | 在馆 | |
| 25 | 2001401163 | 2001401163 | 三新/湖北三新(第三批)/1583/ [索取号:J6/18] | 在馆 | |
| 26 | 2001401164 | 2001401164 | 三新/湖北三新(第三批)/1583/ [索取号:J6/18] | 在馆 | |
| 27 | 2001401165 | 2001401165 | 三新/湖北三新(第三批)/1583/ [索取号:J6/18] | 在馆 | |
| 28 | 2001401166 | 2001401166 | 三新/湖北三新(第三批)/1583/ [索取号:J6/18] | 在馆 | |
| 29 | 2001401167 | 2001401167 | 三新/湖北三新(第三批)/1583/ [索取号:J6/18] | 在馆 | |
| 30 | 2001401168 | 2001401168 | 三新/湖北三新(第三批)/1583/ [索取号:J6/18] | 在馆 |